MARC

LEADER 00000nam0a2200000 4500
001 261803
005 20231101233609.0
035 |a (RuTPU)RU\TPU\book\284784 
090 |a 261803 
100 |a 20140527d1934 k y0rusy50 ca 
101 0 |a rus 
102 |a RU 
105 |a a z 001zy 
200 1 |a Современные газогенераторы  |f А. Членов 
210 |a Москва  |c Госэнергоиздат  |d 1934 
215 |a 136 с.  |c ил. 
320 |a Библиогр. в примеч. 
606 1 |a Газогенераторы  |2 stltpush  |3 (RuTPU)RU\TPU\subj\33358  |9 55624 
610 1 |a исследования 
610 1 |a газ 
610 1 |a состав 
610 1 |a газификация 
610 1 |a процесс 
610 1 |a топливо 
610 1 |a элементы 
610 1 |a конструкции 
675 |a 662.7  |v 3 
700 1 |a Членов  |b А. 
801 1 |a RU  |b 63413507  |c 20140527 
801 2 |a RU  |b 63413507  |c 20150114  |g RCR 
942 |c BK